Géographie par lettre de l'alphabet n°1 - Statistiques

Statistiques générales
  • Ce quiz a été pris 596 fois
  • Le résultat moyen est 20 sur 26
Statistiques - réponses
Descriptions Lettres Réponses % Correct
Capitale de l'Allemagne B Berlin
100%
Pays possédant le Groenland D Danemark
98%
Capitale de la Finlande H Helsinki
94%
Pays voisin de l'Oman Y Yemen
91%
Bataille qui a eu lieu le 18 juin 1815 W Waterloo
89%
Troisième pays le plus peuplé E Etats-Unis
88%
Pays anciennement colonisé par l'Union soviétique ( ou U.R.S.S. OU Russie) U Ukraine
87%
La plus grande ville d'Afrique du Sud J Johannesbourg
86%
Manille est sa capitale P Philippines
82%
Ancien nom de Saint-Pétersbourg (1924-1991) L Léningrad
81%
Nation insulaire méditerranéenne M Malte
81%
Aussi connue sous le nom Éire I Irlande
80%
Capitale de la région Centre-Val de Loire O Orléans
80%
Chef-lieu du département du Finistère Q Quimper
80%
Lagos est sa plus grande ville N Nigeria
77%
Pays européen séparé de son autre moitié après la première guerre mondiale A Autriche
72%
Groupe ethnique en Turquie et en Irak K Kurde
72%
Zaïre était son ancien nom C République Démocratique du Congo
71%
Ancienne puissance qui a vaincu Carthage R Rome
70%
Capitale de la Libye T Tripoli
70%
La Rhodésie du nord était son ancien nom Z Zambie
67%
Ville civile bombardée lors de la guerre civile espagnole G Guernica
64%
Capitale de Sierra Leone F Freetown
58%
Commune la plus peuplée dans la métropole de Lyon V Villeurbanne
56%
Ancien de Volgograd S Stalingrad
53%
Ville de guerriers en terre cuite X Xi'an
26%
Aucun quiz correspondant
Distribution des résultats
% des personnes avec chaque résultat
Percentile par nombre de réponses
Votre historique - résultats
Vous n’avez pas pris ce quiz